000 00978nam a2200289 a 4500
001 BRL_370
005 20190320210717.0
008 050813s1978----mx-a######---#000-0#eng-#
041 _aeng
044 _amx
050 4 _aF1219.5
_b.S74 1978
100 1 _aSten, María
_923687
245 1 0 _aCodices of Mexico
_band their extraordinary history
_cMaría Sten ; drawing Rafael López Castro ; translated from the spanish by Carolyn B. Czitrom.
250 _a2
260 _aMéxico
_bEdiciones Lara
_c1978
300 _a134 p.
_bil.
_c18 cm.
440 0 _aCollection Panorama
_923565
500 _aEstado físico: lomo ligeramente despegado
500 _aAu360
500 _aBibliografía: p. 133
650 1 4 _aIndígenas de México
_vExposiciones
_xEscritura
_923353
650 1 4 _aManuscritos mexicanos
_vExposiciones
_zMéxico (Ciudad)
_923354
700 1 _aLópez Castro, Rafael
_eil.
_93345
700 1 _aCzitrom, Carolyn B.
_etr.
_923688
902 _aGRL
942 _2lcc
_cB
999 _c9183
_d9183